| 000 | 00907nam a2200241 a 4500 | ||
|---|---|---|---|
| 001 | BRCA_3882 | ||
| 005 | 20190320204448.0 | ||
| 008 | 271209s1900----mx-a######---#000-0#spa-# | ||
| 041 | _aspa | ||
| 044 | _amx | ||
| 050 | 4 |
_aF1386 _b.M37 2 1900 |
|
| 100 | 1 |
_aMarroqui, José María _d1824-1898 _98226 |
|
| 245 | 1 | 0 |
_aLa ciudad de México _bcontiene el origen de los nombres de muchas de sus calles y plazas, del de varios establecimientos públicos y privados, y no pocas noticias curiosas y entretenidas _cJosé María Marroqui. |
| 260 |
_aMéxico _bTip. y Lit. La Europea de J. Aguilar Vera y Cia. _c1900 |
||
| 300 |
_a2 v. _bil. _c28 cm. |
||
| 500 | _aVer B109 para el v.1 | ||
| 500 | _aC42 (v.2 y v.3) | ||
| 651 | 4 |
_aMéxico (Ciudad) _xCalles _98227 |
|
| 651 | 4 |
_aMéxico (Ciudad) _xCasas históricas _98228 |
|
| 651 | 4 |
_aMéxico (Ciudad) _xDescripción y viajes _99117 |
|
| 902 | _aGFM | ||
| 942 |
_2lcc _cB |
||
| 999 |
_c3610 _d3610 |
||